000 00605nam a2200181Ia 4500
008 100920s9999 xx 000 0 und d
082 _b104584
_a28 व 891,43 न 07
100 _aगंगाधर मधुकर.
245 _aकंजूस मणिक.
260 _bकमल पुस्तक केेंद्र,दिल्ली.
_c2007
300 _a24
_bसाधी
365 _b60
520 _aबा.वि.हिंदी.
630 _aकंजूस मणिक.
650 _aबा.वि.हिंदी.
730 _aकंजूस मणिक.
942 _cBOOK
999 _c745016
_d745013